000 00639nam a2200265Ia 4500
003 OSt
005 20220912152737.0
006 a|||||r|||| 00| 0
007 ta
008 220909b |||||||| |||| 00| 0 eng d
024 _a36785
037 _cTextual
040 _aCSL
_beng
_cCSL
041 _aeng
082 _aC4:70D, K4
100 _aCoull James
245 0 _aEquilibrium thermodynamics
260 _c1964
300 _ap.
_ccm.
650 _a Thermodynamics
650 _aPhysics
700 _a Stuart Edward B
942 _hC4:70D, K4
_cTEXL
_2CC
999 _c90916
_d90916